| 000 | 00809nam a2200205 a 4500 | ||
|---|---|---|---|
| 003 | 0 | ||
| 005 | 20250625114816.0 | ||
| 008 | 021128s19uu xx 00 eng d | ||
| 050 |
_aPHS HQ 770.4 _b.J35 1998 |
||
| 100 | _aJalocon, Eleonor Ruth S. | ||
| 245 |
_aSpanking and other forms of child discipline as factors causing rebellion / _cEleanor Ruth S. Jalocon. |
||
| 260 |
_aLas PiƱas City, Philippines : _bSouthville International School and Colleges, _c1998. |
||
| 300 |
_a30 pages : _billustrations ; _c29 cm. |
||
| 504 | _aIncludes bibliographical references. | ||
| 650 |
_aDiscipline of children _xPsychological aspects. |
||
| 650 |
_aCorporal punishment _xPsychological aspects. |
||
| 650 |
_aParenting _xPsychological aspects. |
||
| 650 |
_aChild rearing _xPsychological aspects. |
||
| 942 |
_2lcc _cPASS |
||
| 999 |
_c96420 _d96420 |
||